000 00957nam0a2200325 i 4500
001 RU\NLR\BIBL_A\010006339
005 20240726092921.0
010 _a9785871845943
_9100
021 _aRU
_b2013-81089
_95600
035 _a(NILC)RuMoRGB-006678349
035 _a(NLR Aleph) 010006339
090 _a9827430
_c9827430
100 _a20131121d2013 u y0rusy50 ca
101 0 _arus
102 _aRU
105 _aa|||z||||00gy
200 1 _aНаш сад
_eстихи последних лет
_fВ. С. Ильин
210 _aЧелябинск
_cЧелябинский дом печати
_d2013
215 _a71 с.
_cил.
_d20
675 _a821.161.1-1
686 2 _aШ6(2=Р)8-5
700 1 _aИльин
_bВ. С.
801 0 _aRU
_bRuMoRKP
_c20131014
_gRCR
801 2 _aRU
_bРГБ
_c20131022
_grcr
942 _cBOOK
980 _aNBR